A complete guide to interim financial reporting with illustrative statements / (Record no. 151769)

MARC details
000 -LEADER
fixed length control field 00647nam a22001817a 4500
005 - DATE AND TIME OF LATEST TRANSACTION
control field 20180426140712.0
010 ## - LCCN (DPL NO)
LC control number ENG-122679
020 ## - INTERNATIONAL STANDARD BOOK NUMBER
International Standard Book Number 9789386349309
Terms of availability 895.00
035 ## - SYSTEM CONTROL NUMBER
System control number EN-106211
037 ## - SOURCE OF ACQUISITION
Source of stock number/acquisition DBAD/PUB.
082 ## - DEWEY DECIMAL CLASSIFICATION NUMBER
Classification number 657.3
100 ## - MAIN ENTRY--PERSONAL NAME
Personal name Agarwal, Deepa
245 ## - TITLE STATEMENT
Title A complete guide to interim financial reporting with illustrative statements /
Statement of responsibility, etc by Deepa Agarwal
260 ## - PUBLICATION, DISTRIBUTION, ETC. (IMPRINT)
Place of publication, distribution, etc New Delhi
Name of publisher, distributor, etc Bloomsbury Publishing India Pvt. Ltd.,
Date of publication, distribution, etc 2017
270 ## - ADDRESS
Address DDA Complex, LSC Building No. 4, Second Floor, Pocket C-6 & 7, Vasant Kunj,
City New Delhi
Postal code 110070
300 v# - PHYSICAL DESCRIPTION
Extent xx, 418p.
Dimensions 22cm(pbk)
942 ## - ADDED ENTRY ELEMENTS (KOHA)
Source of classification or shelving scheme Dewey Decimal Classification
Item type English Books
Call number suffix AGA
Classification part 657.3
Holdings
Withdrawn status Lost status Not for loan Collection code Home library Current library Date acquired Source of acquisition Cost, normal purchase price Full call number Barcode Copy number Cost, replacement price Koha item type
      Non-fiction Shahdara Branch Shahdara Branch 26/04/2018 DBAD/PUB 895.00 657.3 AGA EN-106211 1 895.00 English Books

© Delhi Public Library
Hit Counter
free hit counter